The Hitchhiker's Guide to the Galaxy Quiz - Statistics

General Stats
  • This quiz has been taken 75 times
  • The average score is 6 of 9
Answer Stats
Hint Answer % Correct
According to Deep Thought, what is the answer to the question of life, the universe, and everything? 42
94%
What species destroys the earth to make room for a hyperspace bypass? Vogons
90%
What country did Slartibartfast design? Norway
83%
What is the smartest species on Earth? Mice
81%
What ship rescues Arthur Dent and Ford Prefect after they are kicked out of a Vogon ship? The Heart of Gold
68%
What is the famous ancestor of the man who knocks Arthur Dent's house down? Genghis Khan
60%
In the introduction, what is said to still be a good idea by humans? Digital Watches
57%
What planet does Slartibartfast live on? Magrathea
54%
What is Trillian's real first name? Trisha
41%
No matching quizzes found
Score Distribution
Percent of People with Each Score
Percentile by Number Answered
Your Score History
You have not taken this quiz